01360nam a2200265 a 450000100060000000300090000600800410001502000150005604000280007108200180009910000270011724500730014426000350021730000080025249000370026050503090029759001360060665000530074265000200079565000530081565000320086894200120090099900170091295201650092921302CO-ViMGA141112s2004 ck r 000 u spa d a9501242196 aCO-ViMGAbspacCO-ViMGA04a155.633 V374e1 aVerhaeghe, Paul93036210aExiste la mujer? : bDe la histerica de Freud a lo femenino en Lacan aBuenos Aires; Paidós, c1999 a359 aPaidós : psicología profunda aEl psicoanálisis como producto de la histeria. El discurso del amo Del trauma al fantasma : Lo real como imposible 33 - - Los posfreudianos y el discurso de la universidad Lacan y el discurso de la histerica 125 - - El freud olvidado : El pasaje al discurso del analista La roca de la catración 277  aForma de adquisición : Compra fact. 0859 - - Precio : 49000 - - Proveedor : Temas y libros - - Fecha de adquisición : Mayo 200714aFREUD, SIGMUND - CRITICA E INTERPRETACION93036314aHISTERIA93036414aLACAN, JACQUES - CRITICA E INTERPRETACION93036514aMUJERES Y PSICOLOGIA930366 2ddccBK c29924d29924 00102ddc40708002aMEVIECARbMEVIECARd2015-12-04hVolumen. 1 | 11/jun/2009l1o155.633 V374e p21302r2019-06-04 00:00:00s2019-05-22tEj. 1w2015-12-04yBK